Formel 1 Podium 1995 - Statistiken

Allgemein
  • Dieses Quiz wurde 152 mal gespielt
  • Das Durchschnittsergebnis liegt bei 8 aus 13
Antwortstatistiken
Antwort % Korrekt
Michael Schumacher
100%
Damon Hill
91%
Mika Häkkinen
87%
David Coulthard
76%
Jean Alesi
76%
Gerhard Berger
75%
Heinz-Harald Frentzen
61%
Johnny Herbert
57%
Rubens Barrichello
57%
Eddie Irvine
53%
Martin Brundle
42%
Olivier Panis
41%
Gianni Morbidelli
14%
Keine übereinstimmenden Quizze gefunden
Verteilung der Resultate
Anzahl Personen mit jedem Resultat
Perzentil nach korrekt beantworteten Fragen
Ihre Resultats-Entwicklung
Sie haben dieses Quiz noch nicht gespielt